Essential statistics for social research / (Record no. 343536)

000 -LEADER
fixed length control field 01072 a2200205 4500
020 ## - INTERNATIONAL STANDARD BOOK NUMBER
International Standard Book Number 0813315557
020 ## - INTERNATIONAL STANDARD BOOK NUMBER
International Standard Book Number 9780813315553
082 04 - DEWEY DECIMAL CLASSIFICATION NUMBER
Classification number 300.72
090 ## - LOCALLY ASSIGNED LC-TYPE CALL NUMBER (OCLC); LOCAL CALL NUMBER (RLIN)
-- 998
-- 998
100 1# - MAIN ENTRY--PERSONAL NAME
Personal name Malec, Michael A.
245 10 - TITLE STATEMENT
Title Essential statistics for social research /
Statement of responsibility, etc. Michael A. Malec.
250 ## - EDITION STATEMENT
Edition statement 2 Rev Upd ed.
260 ## - PUBLICATION, DISTRIBUTION, ETC.
Place of publication, distribution, etc. [S.l.] :
Name of publisher, distributor, etc. Westview Pr (Short Disc),
Date of publication, distribution, etc. 1993.
300 ## - PHYSICAL DESCRIPTION
Extent 255 p. ;
Dimensions 24 cm.
500 ## - GENERAL NOTE
General note Hardcover.
520 ## - SUMMARY, ETC.
Summary, etc. This is a course textbook on statistics for social research which covers essential statistics for the beginning student. It features examples that demonstrate the use of computers to analyse data. The chapters on testing the difference between means and on measuring association between interval-level variables have been considerably expanded, as has the discussion of handling three of more variables.
856 40 - ELECTRONIC LOCATION AND ACCESS
Materials specified Amazon.com
Uniform Resource Identifier <a href="http://www.amazon.com/exec/obidos/ASIN/0813315557/chopaconline-20">http://www.amazon.com/exec/obidos/ASIN/0813315557/chopaconline-20</a>
856 40 - ELECTRONIC LOCATION AND ACCESS
Materials specified Amazon customer reviews
Uniform Resource Identifier <a href="http://www.chopac.org/cgi-bin/tools/azrev.pl?q=0813315557">http://www.chopac.org/cgi-bin/tools/azrev.pl?q=0813315557</a>
942 ## - ADDED ENTRY ELEMENTS (KOHA)
Institution code [OBSOLETE] NBS
Koha item type Book
Call number prefix 300.72 MAL
Holdings
Withdrawn status Lost status Source of classification or shelving scheme Damaged status Not for loan Permanent Location Current Location Date acquired Total Checkouts Full call number Barcode Date last seen Date last checked out Price effective from Koha item type
          Central Library (CL) Central Library (CL) 08/28/2013 3 001.42 MAL NBS2771 12/18/2023 05/27/2021 08/28/2013 Book
© 2023 Central Library, National University of Sciences and Technology. All Rights Reserved.